| 000 | 00456nam a2200181Ia 4500 | ||
|---|---|---|---|
| 001 | 20987 | ||
| 005 | 20260306172846.0 | ||
| 008 | 260306t2012||||xx |||||||||||||| ||spa|| | ||
| 041 | _aESP | ||
| 082 |
_a343.82 _bG22 |
||
| 100 |
_aGarcía Quispe, José Luis _eAUT |
||
| 245 | 0 |
_aGastos deducibles: _banálisis tributario y contable |
|
| 260 | _c2012 | ||
| 300 |
_a284 páginas : _c24 cm. |
||
| 650 | _aGEN | ||
| 654 | _aCCO | ||
| 942 |
_cLIB _dJUS _fJUS _2ddc _n |
||
| 999 |
_c20987 _d20987 |
||